| 000 | 01753nam a2200349 i 4500 | ||
|---|---|---|---|
| 001 | 000039130 | ||
| 003 | DO-SdBNP | ||
| 005 | 20260220121810.0 | ||
| 007 | ta | ||
| 008 | 130527s1995 dr r 000 0 spa d | ||
| 040 |
_aDO-SdBNP _bspa _cBNPHU _erda |
||
| 041 | _aspa | ||
| 082 | 4 |
_a302 _bM516p _222 |
|
| 100 | 1 |
_a Mejía-Ricart G., Tirso, _d1936-2021 _eautor _q(Mejía-Ricart Guzmán) _4aut. _91569 |
|
| 245 | 1 | 0 |
_aPsicología social y sus aplicaciones / _cTirso Mejía-Ricart G |
| 250 | _aPrimera edición | ||
| 264 | 4 |
_aSanto Domingo, República Dominicana : _bEditora de la UASD ; _bFundación Mejía Ricart-Guzmán Boom, _c1995. |
|
| 300 |
_avolumen ; _c22 cm. |
||
| 336 |
_atexto _btxt _2rdacontent |
||
| 337 |
_asinmediación _bn _2rdamedia |
||
| 338 |
_avolumen _bnc _2rdacarrier |
||
| 500 | _aLa biblioteca posee el v. 1, v. 2 | ||
| 505 | 0 |
_aLas bases de la psicología social -- _tLa psicología social como disciplina -- _tEvolución histórica de psicología social -- _tBiología, individuo y motivación social -- _tEstructura social y conducta -- _tLa cultura como conjunto de pautas de conducta -- _tActitudes y procesos psicosociales -- _tInteracción, conformidad y socialización -- _tPsicología social del lenguaje -- _tLa comunicación humana -- _tLa conducta colectiva -- _tLos grupos sociales -- _tLas organizaciones -- _tEl comportamiento de las masas -- _tPoder social, dependencia y liderazgo. |
|
| 590 | _aInventariado, 2018/VM | ||
| 650 | 7 |
_aPsicología social _91574 _2LIBRUNAM |
|
| 650 | 0 |
_aPsicología aplicada _91579 |
|
| 650 | 0 |
_aConducta de vida _911947 |
|
| 650 | 0 |
_aActitud (Psicología) _9852 |
|
| 650 | 7 |
_aConducta colectiva _912036 _2LIBRUNAM |
|
| 910 | _aValidado. Control de calidad. MFF | ||
| 942 |
_2ddc _cLBS1 |
||
| 999 |
_c38620 _d38620 |
||